Limits on innovativeness in local government: examining capacity, complexity, and dynamism in organizational task environments (Record no. 109648)

000 -LEADER
fixed length control field 00502pab a2200157 454500
008 - FIXED-LENGTH DATA ELEMENTS--GENERAL INFORMATION
fixed length control field 180718b2015 xxu||||| |||| 00| 0 eng d
100 ## - MAIN ENTRY--PERSONAL NAME
Personal name Walker, Richard M.
245 ## - TITLE STATEMENT
Title Limits on innovativeness in local government: examining capacity, complexity, and dynamism in organizational task environments
260 ## - PUBLICATION, DISTRIBUTION, ETC.
Date of publication, distribution, etc. 2015
300 ## - PHYSICAL DESCRIPTION
Extent p.663-683.
650 ## - SUBJECT ADDED ENTRY--TOPICAL TERM
Topical term or geographic name entry element Local government
700 ## - ADDED ENTRY--PERSONAL NAME
Personal name Avellaneda, Claudia N.
700 ## - ADDED ENTRY--PERSONAL NAME
Personal name Berry, Frances S.
773 ## - HOST ITEM ENTRY
Main entry heading Public Administration
909 ## -
-- 109653
Holdings
Withdrawn status Lost status Damaged status Not for loan Permanent Location Current Location Date acquired Serial Enumeration / chronology Barcode Date last seen Price effective from Koha item type
        Indian Institute of Public Administration Indian Institute of Public Administration 2018-07-19 Volume no: 93, Issue no: 3 AR110113 2018-07-19 2018-07-19 Articles

Powered by Koha